000 00483nam a22001817a 4500
005 20251108170626.0
008 250721s1995 xx 000 0 eng d
082 1 4 _aF/Sai
100 1 _aAntoine, De Saint - Exupery
245 1 0 _aFlight to Arras /
264 1 _aLondon :
_bPenguin books,
_c1995.
300 _a130p
490 0 _aPenguin twentieth - century classics
650 1 7 _aEnglish Fiction
700 1 _aRees, William
_etranslated by
942 _2ddc
_cBK
999 _c45083
_d45083